000
00213 a2200097 4500
001
46825
100
_a
Douglas L
245
_a
Combat and command
260
_a
New York
_b
Simon schuster
_c
090
_c
29915
_d
29915
942
_a
NUST-CAE
_c
M
_c
22130
999
_c
281898
_d
281898